Statistics for Least Guessed Countries Bordering Each Other

Click here to take the quiz!

General Stats

  • This quiz has been taken 508 times
  • The average score is 22 of 27

Answer Stats

Country% Correct
Senegal
89%
Guinea
89%
Gambia
88%
Guinea-Bissau
88%
Burundi
87%
Rwanda
87%
Mauritania
87%
Central African
Republic
86%
Equatorial Guinea
86%
Mozambique
86%
Malawi
85%
Gabon
85%
Benin
83%
Togo
83%
Zambia
83%
Cameroon
83%
Burkina Faso
82%
Eswatini
81%
Tanzania
78%
Eritrea
75%
Djibouti
75%
Sierra Leone
75%
Liberia
72%
Kyrgyzstan
72%
Tajikistan
71%
Kosovo
48%
Montenegro
47%

Score Distribution

Percentile by Number Answered

Percent of People with Each Score

Your Score History

You have not taken this quiz